00538nai a2200157Ia 4500003000900000008004100009022002200050022002300072040001600095245005500111260003600166310001200202362002600214521006900240856007100309IN-BaIIA211028c9999 xx s 000 0 eng d a0021-9568 (Print) a1520-5134 (Online) cIIA Library 0aJournal of Chemical & Engineering Datah[eJournal] aWashington DCbACS Publications aMonthly a44(1); 1996 - Present bSubscribed through National Knowledge Resource Consortium (NKRC) uhttps://pubs.acs.org/journal/jceaaxyClick Here to Access eJournal